000 00580nam a2200217Ia 4500
003 OSt
005 20221005064137.0
006 a|||||r|||| 00| 0
007 ta
008 221004b |||||||| |||| 00| 0 urd d
024 _a12427
037 _cTextual
040 _aCRL
_cCRL
_burd
041 _2urd
_aurd
082 _aO168,3MKE,1, F6.1
245 0 _aSudarshan yani deedar e haq
260 _aLucknow
_bMunshi Nawal Kishore India
_c1926
650 _aURDU FICTION
_93298
942 _hO168,3MKE,1, F6.1
_cTEXL
_2cc
999 _c972468
_d972468